[Event "Mid Bohemia Region-chT 2223"]
[Site "Czech Republic"]
[Date "2023.02.26"]
[Round "9.6"]
[White "Krejcik, Miroslav"]
[Black "Sladek, Oldrich"]
[Result "1-0"]
[WhiteElo "1824"]
[BlackElo "1911"]
[PlyCount "101"]
[EventDate "2022.10.09"]
[EventType "team-tourn"]
[EventRounds "11"]
[EventCountry "CZE"]
[SourceTitle "EXT 2024"]
[Source "ChessBase"]
[SourceDate "2023.10.10"]
[SourceVersion "1"]
[SourceVersionDate "2023.10.10"]
[SourceQuality "1"]
[WhiteTeam "Cesky Brod"]
[BlackTeam "Brodce"]
[WhiteTeamCountry "CZE"]
[BlackTeamCountry "CZE"]

1. d4 Nf6 2. g3 e6 3. Nf3 d5 4. Bg2 c5 5. 0-0 Nc6 6. c3 Bd6 7. Bg5 h6 8. Bxf6 Qxf6 9. Re1 cxd4 10. Nxd4 Nxd4 11. cxd4 0-0 12. Nc3 Qe7 13. e4 dxe4 14. Rxe4 Qd7 15. d5 e5 16. Qb3 f5 17. Re2 b6 18. Rxe5 Bxe5 19. d6+ Kh8 20. Bxa8 Qxd6 21. Rd1 Be6 22. Bd5 Bxd5 23. Rxd5 Qf6 24. Rd3 Rc8 25. Nd5 Qg5 26. f4 Rc1+ 27. Rd1 Bd4+ 28. Kg2 Qg4 29. Nc3 Rxd1 30. Qxd1 Bxc3 31. Qxg4 fxg4 32. bxc3 Kh7 33. Kf2 Kg6 34. Ke3 Kf5 35. Kd4 h5 36. Kd5 h4 37. a4 hxg3 38. hxg3 Kf6 39. c4 g6 40. c5 bxc5 41. Kxc5 Ke7 42. Kc6 Ke6 43. Kb7 a5 44. Kb6 Kd6 45. Kxa5 Kd5 46. Kb6 Ke4 47. a5 Kf3 48. a6 Kxg3 49. a7 Kxf4 50. a8Q g3 51. Qg2 1-0